Normal view MARC view
  • Hanff, Helene

Entry Nombre Personal

Number of records used in: 1

001 - NUMERO DE CONTROL

  • campo de control: 44532

003 - IDENTIFICADOR DE NUMERO DE CONTROL

  • campo de control: UPN

005 - FECHA Y HORA DE LA ÜLTIMA TRANSACCIÓN

  • campo de control: 20220524095755.0

008 - DATOS DE LONGITUD FIJA

  • campo de control de longitud fija: 220524n| acznnaabn | a|a d

040 ## - FUENTE DE CATALOGACIÓN

  • Agencia original de catalogación: MX-MxUPN

100 ## - ENCABEZAMIENTO - NOMBRE PERSONAL

  • Nombre personal: Hanff, Helene
  • Subdivisión de forma: Correspondencia, memorias, etc.

670 ## - FUENTE EN LA QUE SE LOCALIZARON DATOS

  • Cita de la fuente: Autoridades BGTQ, 24-05-2022:
  • Información localizada: (Encabezamiento: Hanff, Helene)

670 ## - FUENTE EN LA QUE SE LOCALIZARON DATOS

  • Cita de la fuente: Autoridades BGTQ, 24-05-2022:
  • Información localizada: (Subdivisión de forma bajo personajes: Correspondencia, memorias, etc.)